000 00995nam a2200301Ia 4500
005 20220317001118.0
008 160825s2007 sp g 000 0 spa
020 _a97884891637012
100 1 _aShakespeare, William
_d1564-1616
245 1 0 _aRomeo y Julieta
_cWilliam Shakespeare ; traducido por Guillermo Mcpherson
250 _a5a. edición
300 _a156 páginas
_c19 cm
490 _aClásicos universales
650 1 4 _2LEMB
_aTeatro inglés
650 1 4 _2LEMB
_aLiteratura inglesa
650 1 4 _2LEMB
_aTragedia inglesa
650 1 4 _2LEMB
_aAmor en la literatura
650 1 4 _2LEMB
_aSuicidio en la literatura
650 1 4 _2LEMB
_aRelaciones familiares en la literatura
700 1 _aMcpherson, Guillermo
_966286
942 _2loc
_cBKLIT
264 _aMadrid
_bJorge A. Mestas1
_c2007
336 _atexto
_btxt
_2rdacontent
337 _asin mediación
_bn
_2rdamedia
338 _avolumen
_bnc
_2rdacarrier
040 _aCO-BoRNBP
_bspa
_erda
_cCO-BoRNBP
084 _aT SHA1
999 _c5961
_d5961